Palmarès Bayern Munich - Statistiques

Statistiques générales
  • Ce quiz a été pris 128 fois
  • Le résultat moyen est 6 sur 10
Statistiques - réponses
Année Trophée % Correct
1932, 1969, 1972, 1973, 1974,
1980, 1981, 1985, 1986, 1987,
1989, 1990, 1994, 1997, 1999,
2000, 2001, 2003, 2005, 2006,
2008, 2010, 2013, 2014, 2015,
2016, 2017, 2018, 2019, 2020,
2021, 2022 et 2023
Bundesliga 33
99%
1974, 1975, 1976, 2001, 2013 et 2020 Ligue des Champions 6
96%
1957, 1966, 1967, 1969, 1971, 1982, 1984, 1986, 1998, 2000, 2003, 2005, 2006, 2008, 2010, 2013, 2014, 2016, 2019 et 2020 Coupe d'Allemagne 20
83%
1987, 1990, 2010, 2012, 2016, 2017, 2018, 2020,2021 et 2022 Super Coupe d'allemagne 10
77%
1996 Europa League 1
72%
2013 et 2020 Coupe du Monde des Clubs 2
62%
2013 et 2020 Super Coupe de l'UEFA 2
46%
1967 Coupe des coupes 1
26%
1997, 1998, 1999, 2000, 2004 et 2007 Coupe de la Ligue 6
20%
1976 et 2001 Coupe Intercontinentale 2
14%
Aucun quiz correspondant
Distribution des résultats
% des personnes avec chaque résultat
Percentile par nombre de réponses
Votre historique - résultats
Vous n’avez pas pris ce quiz